000 00677nam a2200229Ia 4500
005 20250508170100.0
008 008 250505s9999 xx 000 0 eng d
020 _a978-1-138-12227-7
037 _aReference
040 _aFEDL
_beng
_cFEDL
041 _aeng
_2eng
084 _a428.007 107 3, HAN/RR
_qFEDL
100 _aLapp Diane Ed.
_9782947
245 0 _aHandbook of research on teaching the english language arts
250 _a4
260 _aNew York, USA
_bRoutledge
_c2018
300 _axi, 487p.
365 _aINR
_b8838
700 _a Fisher Douglas Ed.
_9782948
942 _cREF
_h428.007 107 3, HAN/RR
999 _c1399115
_d1399115